Quint And Kit (Level K Decodable Book 14)

Bibliographic Details
Main Author: Mathews, Dennis
Format: Book
Language:English
Published: Ohio : McGraw-Hill , c2002
Series:Open Court Reading
Subjects:

MARC

LEADER 00000cam a2200000 7i4500
001 0000107708
005 20140908.0
008 100526 eng
020 |a 007569896x 
090 0 0 |a PRE SER 
100 1 |a Mathews, Dennis 
245 1 0 |a Quint And Kit (Level K Decodable Book 14)   |c Dennis Mathews 
260 |a Ohio :   |b McGraw-Hill ,   |c c2002 
300 |a 8p. :   |b ill.col. ;   |c 22cm. 
440 0 |a Open Court Reading 
650 0 0 |a Pre School   |x English 
999 |a 0000263735   |b Buku   |c Koleksi Pinjaman Kanak-Kanak   |e Perbadanan Perpustakaan Awam Melaka 
999 |a 0000263876   |b Buku   |c Koleksi Pinjaman Kanak-Kanak   |e Perpustakaan Cawangan Jasin 
999 |a 0000263877   |b Buku   |c Koleksi Pinjaman Kanak-Kanak   |e Perpustakaan Cawangan Masjid Tanah 
999 |a 0000263878   |b Buku   |c Koleksi Pinjaman Kanak-Kanak   |e Perpustakaan Cawangan Merlimau 
999 |a 0000263879   |b Buku   |c Koleksi Pinjaman Kanak-Kanak   |e Perbadanan Perpustakaan Awam Melaka